000 00884nam a22002777a 4500
001 BR7602059
003 BR-BrBNA
005 20230928084942.0
007 ta
008 230509b bl.||||| |||| 00| 0 por d
040 _aBR-BrBNA
_bpor
_cBiblioteca Nacional de Agricultura
041 _a(Por)
072 _aC00
_b2110
_b/G514
090 _ 2110 BR7602059
110 1 _aAssociacao de Credito e Assistencia Rural do Estado do Para, Belem (Brasil)
_9493
245 1 _aProjeto cacau; relatorio de acompanhamento e controle (Raco)- 1. trimestre de 1976 [Assistencia tecnica; Para; Brasil]
_bConvenio: ACAR-Para/MBRATER/CEPLAC
260 3 _aBelem, PA (Brasil):
_c1976.
300 _a7 p.
650 _aExtensao rural
650 _aCacau
650 _aAssistencia tecnica
650 _aPara
650 _aProjeto agricola
909 _a202309
_bLucia
_c55
_dLucia Elande
942 _cBK
999 _c22071
_d22071